Cantos da torcida do Flamengo (#17) - Statistics

Estatísticas Gerais
  • Esse quiz foi jogado 11 vezes
  • A pontuação média é 10 de 14
Estatísticas das Respostas
Resposta % Correto
Dale
89%
dale
89%
dale
89%
dale
78%
dale
78%
dale
78%
dale
78%
sou
78%
Dale
67%
dale
67%
Eu
67%
Oh,
67%
Rubro-Negro
67%
Oh,
56%
Nenhum quiz correspondente encontrado
Distribuição das Pontuações
Porcentagem de Pessoas com Cada Pontuação
Percentil de Números Respondidos
Sua Pontuação Histórica
Você não jogou esse quiz